|
|
|
|
| LEADER |
00000cam a2200000 7i4500 |
| 001 |
0000006383 |
| 005 |
20190414093000.0 |
| 090 |
0 |
0 |
|a BP43.I51
|b Y86 1979
|
| 100 |
0 |
|
|a Mahmud Yunus ,
|e author
|
| 245 |
0 |
0 |
|a Sejarah pendidikan Islam di Indonesia
|c Mahmud Yunus
|
| 260 |
2 |
|
|a Jakarta :
|b Mutiara ,
|c 1979
|
| 300 |
|
|
|a 420 ms. ;
|c 21 sm.
|
| 650 |
|
0 |
|a Islam
|x History
|z Indonesia
|
| 650 |
|
0 |
|a Islam
|x Study and teaching
|z Indonesia
|
| 999 |
|
|
|a 1000001293
|b Book
|c OPEN SHELF (30 DAYS)
|e Gong Badak Campus
|
| 999 |
|
|
|a 1000001294
|b Book
|c OPEN SHELF (30 DAYS)
|e Gong Badak Campus
|
| 999 |
|
|
|a 1000001295
|b Book
|c OPEN SHELF (30 DAYS)
|e Gong Badak Campus
|
| 999 |
|
|
|a 1000001298
|b Book
|c OPEN SHELF (30 DAYS)
|e Gong Badak Campus
|